000 00769nam a22002537a 4500
003 DO-SdBNP
005 20171201091158.0
008 161031b 1975 sp 00| 0 spa d
020 _a8401810256
040 _aBPMSU
_bspa
_cBPMSU
041 1 _aspa
_bfre
100 1 _aLaforgue, Jules,
_d1860-1887.
245 1 0 _aPoemas /
_cJules Laforgue ; versión de Manuel Alvarez Ortega.
260 _aBarcelona :
_bPlaza & Janes,
_c1975.
300 _a236 p. :
_c20 cm.
490 1 _aSelecciones de poesía universal
500 _aTexto Bilingüe
504 _aBibliografía p: 31-35
700 1 2 _aAlvarez Ortega, Manuel,
_eversión
830 0 _aSelecciones de poesía universal
942 _2ddc
_cBK
945 _aInventariado 2017
956 _aYLOCKWARD
_b10
_c000144
999 _c12932
_d12932